Δημιουργία ιστοτόπου αξιολόγησης μαθημάτων και διδασκόντων τριτοβάθμιας εκπαίδευσης : πτυχιακή εργασία

Αποθηκεύτηκε σε:
Λεπτομέρειες βιβλιογραφικής εγγραφής
Κύριος συγγραφέας: Μηνά, Ευδοξία
Συγγραφή απο Οργανισμό/Αρχή: Πανεπιστήμιο Αιγαίου. Σχολή Κοινωνικών Επιστημών. Τμήμα Πολιτισμικής Τεχνολογίας και Επικοινωνίας
Μορφή: Thesis Βιβλίο
Γλώσσα:Greek
Δημοσίευση: 2008.
Θέματα:
Διαθέσιμο Online:http://hdl.handle.net/11610/10645
Ετικέτες: Προσθήκη ετικέτας
Δεν υπάρχουν, Καταχωρήστε ετικέτα πρώτοι!

MARC

LEADER 00000cam a2200000 i 4500
001 1/1931
008 091008s2008 gr | ||| |||| ||gre||
035 |l 10105790 
040 |a GR-MyUa  |b gre  |e AACR2 
041 0 |a gre 
082 7 |a 371.334   |2 (22) 
100 1 |a Μηνά, Ευδοξία. 
245 1 0 |a Δημιουργία ιστοτόπου αξιολόγησης μαθημάτων και διδασκόντων τριτοβάθμιας εκπαίδευσης :   |b πτυχιακή εργασία /   |c Μηνά Ευδοξία ; επιβλέπων καθηγητής: Γαβαλάς Δαμιανός. 
260 |c 2008. 
300 |a 66 σ. :   |b εικ. ;   |c 30 εκ. 
502 |a Πτυχιακή εργασία – Πανεπιστήμιο Αιγαίου, Λέσβος, 2008. 
504 |a Βιβλιογραφία: σ. 56. 
650 0 0 |a Web sites  |x Design  |x Case studies. 
650 0 0 |a Educational technology  |x Evaluation. 
650 0 0 |a Educational innovations. 
650 0 0 |a Internet in education. 
650 0 0 |a Instructional systems  |x Evaluation. 
650 0 0 |a Universities and colleges  |x Curricula  |x Evaluation. 
650 0 0 |a Dissertations, Academic  |z Greece. 
700 1 |a Γαβαλάς, Δαμιανός,  |e dgs 
710 2 |a Πανεπιστήμιο Αιγαίου.   |b Σχολή Κοινωνικών Επιστημών.   |b Τμήμα Πολιτισμικής Τεχνολογίας και Επικοινωνίας. 
852 |a INST  |b LESVOS  |c DIATR  |e 20091008  |h 231  |p 005100046319  |q 005100046319  |t DIE  |y 23 
852 |a INST  |b LESVOS  |c DIATR  |e 20091008  |h 232  |p 005100046320  |q 005100046320  |t DIE  |y 23 
856 |u http://hdl.handle.net/11610/10645 
901 |a BIBL1-2009-3 
924 |a Μηνά  |b Ευδοξία  |y Λέσβος  |z 2008-06 
970 |a ΤΖΑΦΕΡΗ  |b ΕΥΑΓΓΕΛΙΑ  |z 2009/10/08